000 00818nas a2200253 4500
001 BR2013005182
003 BR-BrBNA
005 20231205122549.0
007 ta
008 230509b bl.|||p| |||| 00| 00por d
040 _aBR-BrBNA
_bpor
_cBiblioteca Nacional de Agricultura
041 _a(Pt)
072 _aK10
100 1 _aLima, J.P. da C.
100 1 _aLeão, J.R.A.
245 1 _aDinâmica de crescimento e distribuição diamétrica de fragmentos de florestas nativa e plantada na Amazônia Sul Ocidental
650 _aFLORESTA NATIVA
650 _aCRESCIMENTO
650 _aMÉTODO ESTATÍSTICO
650 _aDIÂMETRO
773 0 _tFloresta e Ambiente (Brazil)
_xISSN 1415-0980
_g(Jan-Mar 2013), v. 20(1) p. 70-79
_wBR2013005182
909 _a202311
_bLúcia
_c55
_dLúcia Elande
942 _2AGRIS
_n0
_cANA
999 _c229309
_d229309